000 00690nam a2200265Ia 4500
003 OSt
005 20221007110944.0
006 a|||||r|||| 00| 0
007 ta
008 221006b |||||||| |||| 00| 0 eng d
020 _a8175040203
024 _a22,257
037 _cTextual
040 _aLCO
_cLCO
_beng
041 _2eng
_aeng
082 _aL:(Z), N8
100 _aKnight Bernard
_9708110
245 0 _aLawyer's Guide to Forensic Medicine
250 _a2nd
260 _aNew
_bDelhi Lawman (India) Pvt. Ltd. India
_c1998
300 _a262
650 _aFORENSIC MEDICINE
_9708111
942 _hL:(Z), N8
_cTEXL
999 _c1191820
_d1191820